000 00842cam a22002533a 4500
001 2862
003 PGUSA
005 20140828083022.0
008 060603s2006||||xxu|||||s|||||000 1 eng d
040 _aPGUSA
_beng
042 _adc
050 4 _aPS
100 1 _aHarte, Bret,
_d1836-1902
245 1 4 _aThe Twins of Table Mountain, and other stories
_h[electronic resource] /
_cBret Harte
260 _bProject Gutenberg,
_c2006
505 0 _aThe twins of Table Mountain -- An heiress of Red Dog -- The great Deadwood mystery -- A legend of Sammtstadt -- Views from a German spion.
506 _aPublic domain in the USA.
516 _aElectronic text
653 _aAmerican fiction -- 19th century
653 _aWestern stories
830 0 _aProject Gutenberg
_v2862
856 4 0 _uhttp://www.gutenberg.org/ebooks/2862
942 _cEB
999 _c232194
_d232194